Formy spolupráce v oblasti inovačných aktivít

Bariéry inovačných aktivít podnikov na Slovensku. Formy spolupráce - fúzie, strategické aliancie, podnikateľské siete, outsourcing, nákup jednotlivých členov projektového tímu, platformy zadávateľov a riešiteľov inovačných projektov.

Salvato in:
Dettagli Bibliografici
Autore principale: Varcholová, Tatiana
Altri autori: Dubovická, Lenka
Natura: Capitolo di libro
Lingua:slovacco
Soggetti:
Tags: Aggiungi Tag
Nessun Tag, puoi essere il primo ad aggiungerne!!

MARC

LEADER 00000naa a2200000 4500
001 0123026
005 20240502083314.4
041 0 |a slo 
044 |a UA 
245 1 0 |a Formy spolupráce v oblasti inovačných aktivít  |c Tatiana Varcholová, Lenka Dubovická 
520 |a Bariéry inovačných aktivít podnikov na Slovensku. Formy spolupráce - fúzie, strategické aliancie, podnikateľské siete, outsourcing, nákup jednotlivých členov projektového tímu, platformy zadávateľov a riešiteľov inovačných projektov. 
610 2 0 |a inovácia 
610 2 0 |a projekty 
610 2 0 |a podnik 
610 2 0 |a spolupráca podnikov 
610 2 0 |a fúzie 
610 2 0 |a aliancie strategické 
610 2 0 |a outsourcing 
610 2 0 |a Slovensko 
100 1 |a Varcholová, Tatiana 
700 1 |a Dubovická, Lenka